000 00821nam a2200253Ia 4500
003 OSt
005 20220923220703.0
006 a|||||r|||| 00| 0
007 ta
008 220922b |||||||| |||| 00| 0 hin d
024 _a189,153
037 _cTextual
040 _aARTS
_cARTS
_bhin
041 _2hin
_ahin
082 _aO152,2N12,KK, M7
100 _aप्रभाकर, विष्णु
245 0 _aकेरल का क्रान्तिकारी
246 _aKeral kā krāntikārī
260 _aनयी दिल्ली
_b किताबधर
_c1987
300 _a100 पृ.
_ccm.
650 _aहिन्दी साहित्य
_9156264
942 _hO152,2N12,KK, M7
_cTEXL
_2CC
999 _c342006
_d342006